000 00897nam a2200265 i 4500
003 DO-SdBNP
005 20251022082205.0
007 ta
008 201015b 2015 a 00| 0 eng d
020 _a9781618877314
040 _aDO-SdBNP
_bspa
_cBNPHU
_erda
041 _aspa
082 4 _axxx
_bxxx
_222
111 2 _aEncuentro Internacional de Poesía y Narrativa.
_cPuerto Rico
_n(7º.
_976920
_d2015.
245 1 0 _aAbrazos del Sur :
_bensayo, poesía y narrativa 2015
264 4 _aPuerto Rico :
_bEdiciones El Sur Visita al Sur,
_c©2015.
300 _a274 páginas :
_bilustraciones ;
_c22 cm.
336 _atexto
_btxt
_2rdacontent
337 _asin mediación
_bn
_2rdamedia
338 _avolumen
_bnc
_2rdacarrier
500 _aEn el centenario del nacimiento de Francisco Matos Paoli.
590 _aInventariado, 2025/BT
700 1 _aMatos Paoli, Francisco
_99210
942 _2ddc
_cLBS1
999 _c48894
_d48894